Southville International School and Colleges
Your cart is empty.
  • Cart
  • Lists
    Public lists Eva Luna New books Lux_list list_1
    Your lists Log in to create your own lists
  • Log in to your account
  • Your cookies
  • Search history
Southville International School and Colleges
  • Advanced search
  • Recent comments
  • Most popular
  • Libraries

Log in to your account

Log in with GOOGLE


If you do not have an external account, but do have a local account, you can still log in:

  1. Home
  2. MARC view: The eagle has flown /
Normal view MARC view ISBD view

The eagle has flown / (Record no. 20985)

[ view plain ]
MARC details
000 -LEADER
fixed length control field 00476nam a2200181 a 4500
005 - DATE AND TIME OF LATEST TRANSACTION
control field 20140310183301.0
008 - FIXED-LENGTH DATA ELEMENTS--GENERAL INFORMATION
fixed length control field 041208s19uu xx 00 eng d
020 ## - INTERNATIONAL STANDARD BOOK NUMBER
International Standard Book Number 9780330321990
050 ## - LIBRARY OF CONGRESS CALL NUMBER
Classification number PR 6058.I343
Item number .H636 1991
100 ## - MAIN ENTRY--PERSONAL NAME
Personal name Higgins, Jack
245 ## - TITLE STATEMENT
Title The eagle has flown /
Statement of responsibility, etc Jack Higgins.
260 ## - PUBLICATION, DISTRIBUTION, ETC. (IMPRINT)
Place of publication, distribution, etc London :
Name of publisher, distributor, etc Jack Higgins,
Date of publication, distribution, etc 1991.
300 ## - PHYSICAL DESCRIPTION
Extent 340 p. :
Dimensions 18 cm.
650 ## - SUBJECT ADDED ENTRY--TOPICAL TERM
Topical term or geographic name as entry element War stories.
650 ## - SUBJECT ADDED ENTRY--TOPICAL TERM
Topical term or geographic name as entry element Spy stories.
942 ## - ADDED ENTRY ELEMENTS (KOHA)
Koha item type Books
Source of classification or shelving scheme Library of Congress Classification
Holdings
Withdrawn status Lost status Source of classification or shelving scheme Damaged status Home library Current library Shelving location Date acquired Total Checkouts Full call number Barcode Date last seen Copy number Price effective from Koha item type
    Library of Congress Classification   College Library College Library Fiction Section 12/08/2004   PR 6058.I343 .H636 1991 C5847 05/08/2018 1 10/10/2013 Books

The eagle has flown /

APA

Higgins J., . (1991). The eagle has flown. London: Jack Higgins.

Chicago

Higgins Jack, . 1991. The eagle has flown. London: Jack Higgins.

Harvard

Higgins J., . (1991). The eagle has flown. London: Jack Higgins.

MLA

Higgins Jack, . The eagle has flown. London: Jack Higgins. 1991.

  • Place hold
  • Print
  • Cite
  • Add to your cart (remove)
  • Save record
    BIBTEX Dublin Core MARCXML MARC (non-Unicode/MARC-8) MARC (Unicode/UTF-8) MARC (Unicode/UTF-8, Standard) MODS (XML) RIS
  • More searches
    Search for this title in:
    Other Libraries (WorldCat) Other Databases (Google Scholar) Online Stores (Bookfinder.com) Open Library (openlibrary.org)

Exporting to Dublin Core...

SOUTHVILLE LIBRARY

Southville International School and Colleges Library

1281 Tropical Ave. Cor. Luxembourg St., BF Homes International, Las Pinas City

Tel. No. 8256374 / 252358 Loc. 117/146

Powered by Koha